Score 0/28 Timer 07:00
0 Plays Today
Station % Correct
69th Street Terminal
90.8%
15th Street
89.9%
11th Street
88.1%
13th Street
88.1%
8th Street
87.2%
30th Street
86.2%
2nd Street
84.4%
5th Street
83.5%
Frankford Transportation Center
79.8%
34th Street
79.8%
40th Street
78%
60th Street
76.1%
52nd Street
75.2%
46th Street
74.3%
Station % Correct
56th Street
73.4%
63rd Street
72.5%
Spring Garden
71.6%
Girard
68.8%
Allegheny
56.9%
Berks
52.3%
Arrott Transportation Center
45.9%
Church
44%
Tioga
39.4%
Somerset
39.4%
Erie-Torresdale
35.8%
York-Dauphin
34.9%
Millbourne
32.1%
Huntingdon
25.7%
Remove Ads.
Support Sporcle.
Get the best of Sporcle when you Go Orange. This ad-free experience offers more features, more stats, and more fun while also helping to support Sporcle. Thank you for becoming a member.

You're not logged in!

Compare scores with friends on all Sporcle quizzes.
OR
Log In

Show Comments

Extras

Top Quizzes Today


Score Distribution

Your Account Isn't Verified!

In order to create a playlist on Sporcle, you need to verify the email address you used during registration. Go to your Sporcle Settings to finish the process.

Report this User

Report this user for behavior that violates our Community Guidelines.

Details: